000 00323nam a2200145Ia 4500
100 _aRoth/ C.H.
650 _aElectrical Engineering
942 _cBK
654 _aLogic Design
245 _aFundamentls of Logic Design Edn-4
260 _bJaico Pub
_aBombay
_c1994
300 _a770
546 _aENGLISH
999 _c32896
_d32896